[Event "Mondiale Lampo FIDE 2022"]
[Site "Alma Ata"]
[Date "29.12.2022"]
[Round "9.13"]
[White "Cheparinov, Ivan"]
[Black "Lazavik, Denis"]
[Result "0-1"]
[WhiteTitle ""]
[BlackTitle ""]
[WhiteElo "2688"]
[BlackElo "2537"]
[WhiteFideId "2905540"]
[BlackFideId "13515110"]
[EventDate "29.12.2022"]

1. d4 Nf6 2. c4 e6 3. Nf3 d5 4. g3 Be7 5. Bg2 O-O 6. O-O dxc4 7. Qa4 a6 8. Qxc4
b5 9. Qc2 Bb7 10. Bd2 Be4 11. Qc1 Nc6 12. Be3 Rc8 13. Rd1 Nd5 14. Qxc6 Nxe3 15.
Qxe4 Nxd1 16. Qc2 Nxf2 17. Kxf2 c5 18. Nbd2 cxd4 19. Qd3 Qb6 20. Rd1 f5 21. Kg1
Bf6 22. Kh1 g6 23. Qb3 Kg7 24. Ne1 e5 25. Nd3 Rfe8 26. Rf1 e4 27. Nf4 Qd6 28. h4
Be5 29. Kh2 Re7 30. Nd5 Bxg3+ 31. Qxg3 Qxd5 32. Nb3 Rd8 33. Rc1 Qe5 34. Qxe5+
Rxe5 35. Kg3 d3 36. exd3 Rxd3+ 37. Kf4 Re7 38. Rc2 Kh6 39. Nc5 Rd6 40. b4 e3 41.
Bf3 Rd4+ 42. Kg3 Rxb4 43. Nd3 Rc4 44. Re2 Rd4 45. Nf4 Rd2 46. Re1 Rxa2 47. Nd5
Re6 48. Nxe3 Rd6 49. Rc1 Ra3 50. Re1 Rdd3 51. Kf4 Rd4+ 52. Ke5 Rxh4 53. Bd5 Rh3
54. Ng2 Kg5 55. Rg1 Rag3 56. Nf4 Kh4 57. Nxh3 Rxh3 58. Bg8 Rg3 59. Rh1+ Kg5 60.
Bxh7 Re3+ 61. Kd4 Re4+ 62. Kd3 Kf6 63. Bg8 a5 64. Bd5 Re8 65. Rb1 Rb8 66. Bc6 b4
67. Kd4 g5 68. Ra1 b3 69. Rb1 g4 70. Rb2 Kg5 71. Kc4 f4 72. Bb5 f3 73. Rxb3 Kf4
74. Kc5 g3 75. Rc3 g2 0-1

[Event "Mondiale Lampo FIDE 2022"]
[Site "Alma Ata"]
[Date "29.12.2022"]
[Round "9.14"]
[White "Sanal, Vahap"]
[Black "Nepomniachtchi, Ian"]
[Result "0-1"]
[WhiteTitle ""]
[BlackTitle ""]
[WhiteElo "2597"]
[BlackElo "2793"]
[WhiteFideId "6300545"]
[BlackFideId "4168119"]
[EventDate "29.12.2022"]

1. e4 c5 2. Nf3 e6 3. d3 Nc6 4. g3 d5 5. Qe2 Nf6 6. Bg2 Be7 7. O-O b6 8. e5 Nd7
9. c4 d4 10. h4 Bb7 11. Bf4 h6 12. h5 g5 13. hxg6 fxg6 14. Na3 g5 15. Bd2 a6 16.
Nxd4 cxd4 17. Qh5+ Kf8 18. f4 Qe8 19. fxg5+ Kg8 20. g6 Ndxe5 21. Be4 Bg5 22. Bf4
Qe7 23. Rf2 Bxf4 24. gxf4 Nd7 25. Qf3 Rc8 26. g7 Kxg7 27. f5 Rhg8 28. Kh1 Rcf8
29. Qh5 Nf6 30. Rg2+ Kh7 31. fxe6+ Nxe4 32. dxe4 0-1

[Event "Mondiale Lampo FIDE 2022"]
[Site "Alma Ata"]
[Date "29.12.2022"]
[Round "9.15"]
[White "Petrosyan, Manuel"]
[Black "Grischuk, Alexander"]
[Result "1/2-1/2"]
[WhiteTitle ""]
[BlackTitle ""]
[WhiteElo "2621"]
[BlackElo "2745"]
[WhiteFideId "13300857"]
[BlackFideId "4126025"]
[EventDate "29.12.2022"]

1. d4 g6 2. Nf3 Bg7 3. Bf4 Nf6 4. e3 O-O 5. Be2 c5 6. O-O d6 7. Nbd2 Nh5 8. Bg5
h6 9. Bh4 g5 10. Ne1 gxh4 11. Bxh5 cxd4 12. exd4 Bxd4 13. c3 Bg7 14. Bg4 e6 15.
Bh3 Nc6 16. Qh5 Qg5 17. Qxg5 hxg5 18. Nef3 Bh6 19. Ne4 f6 20. Rfe1 g4 21. Bxg4
f5 22. Nxd6 fxg4 23. Nxh4 e5 24. Rad1 Rd8 25. g3 b6 26. Nhf5 Bf8 27. Nxc8 Raxc8
28. Ne3 Kf7 29. Nxg4 Bg7 30. h4 b5 31. a3 a5 32. Kg2 Ke6 33. h5 Rxd1 34. Rxd1
Rh8 35. Rh1 Ne7 36. h6 Bf6 37. h7 Bg7 38. Rh5 Ng6 39. Rg5 Kf7 40. Rf5+ Ke6 41.
Rg5 Kf7 42. Rf5+ Ke6 1/2-1/2

[Event "Mondiale Lampo FIDE 2022"]
[Site "Alma Ata"]
[Date "29.12.2022"]
[Round "9.16"]
[White "Paravyan, David"]
[Black "Nihal, Sarin"]
[Result "1-0"]
[WhiteTitle ""]
[BlackTitle ""]
[WhiteElo "2586"]
[BlackElo "2670"]
[WhiteFideId "4194985"]
[BlackFideId "25092340"]
[EventDate "29.12.2022"]

1. e4 c5 2. Nf3 Nc6 3. Nc3 e6 4. d4 cxd4 5. Nxd4 a6 6. Be2 Nge7 7. Be3 b5 8. Nb3
Ng6 9. Qd2 Be7 10. O-O-O O-O 11. h4 Nge5 12. h5 Rb8 13. h6 g6 14. Kb1 Qc7 15.
Ka1 Bb7 16. Bc5 Bxc5 17. Nxc5 Na5 18. Nxb7 Rxb7 19. f4 Nec4 20. Qd4 f6 21. f5
Nc6 22. Qf2 N6e5 23. fxg6 hxg6 24. h7+ Kh8 25. Rh3 Qb6 26. Qh4 Ne3 27. Qh6 Rbb8
28. Qxe3 Qc7 29. Qd2 b4 30. Na4 Qc6 31. b3 Qxe4 32. Bf3 Qf5 33. Rhh1 Rbc8 34.
Kb1 d5 35. Nb2 Rc3 36. Nd3 Rfc8 37. Nxe5 Rxc2 38. Nf7+ Kg7 39. h8=Q+ Rxh8 40.
Qxc2 1-0

[Event "Mondiale Lampo FIDE 2022"]
[Site "Alma Ata"]
[Date "29.12.2022"]
[Round "9.17"]
[White "Tomashevsky, Evgeny"]
[Black "Jumabayev, Rinat"]
[Result "1-0"]
[WhiteTitle ""]
[BlackTitle ""]
[WhiteElo "2694"]
[BlackElo "2609"]
[WhiteFideId "4147235"]
[BlackFideId "13702661"]
[EventDate "29.12.2022"]

1. d4 Nf6 2. Nf3 e6 3. c4 Bb4+ 4. Bd2 c5 5. e3 Qb6 6. Nc3 Bxc3 7. Bxc3 Ne4 8.
dxc5 Nxc3 9. cxb6 Nxd1 10. Rxd1 axb6 11. a3 Ke7 12. Nd4 Rd8 13. Be2 d6 14. Nb5
Nc6 15. f4 Na7 16. Nc3 Bd7 17. Kf2 Rac8 18. Rd2 Bc6 19. Rhd1 Rc7 20. e4 Nc8 21.
Ke3 h6 22. g3 Rh8 23. h4 Rd8 24. Rg1 Rh8 25. Rc1 Bd7 26. Rcd1 Bc6 27. a4 Bd7 28.
b3 Bc6 29. Bf3 Rg8 30. h5 Rd8 31. g4 Rh8 32. Rg1 Bd7 33. Rdg2 Be8 34. g5 Kf8 35.
gxh6 gxh6 36. Be2 Rc5 37. Nd1 Ne7 38. Nf2 d5 39. Nd3 Rc7 40. cxd5 exd5 41. Bf3
dxe4 42. Bxe4 Rc3 43. Rb2 Bc6 44. Kd4 Bxe4 45. Kxc3 Nf5 46. Ne5 Ke7 47. Re2 Rc8+
48. Kb2 Nd6 49. Rd1 f5 50. Rg1 Ne8 51. Rg6 Nf6 52. Rxh6 Nd5 53. Rf2 Ne3 54. Rd2
Nd5 55. Rh7+ Ke6 56. Nc4 Rg8 57. Rh6+ Ke7 58. Rg6 Rh8 59. h6 Nxf4 60. Rxb6 Nd3+
61. Ka3 Nc5 62. Nd6 Bc6 63. Nxf5+ Kf6 64. Nd4 1-0

[Event "Mondiale Lampo FIDE 2022"]
[Site "Alma Ata"]
[Date "29.12.2022"]
[Round "9.19"]
[White "Asadli, Vugar"]
[Black "Murzin, Volodar"]
[Result "1/2-1/2"]
[WhiteTitle ""]
[BlackTitle ""]
[WhiteElo "2567"]
[BlackElo "2561"]
[WhiteFideId "13405764"]
[BlackFideId "44155573"]
[EventDate "29.12.2022"]

1. e4 c6 2. Nf3 d5 3. e5 c5 4. c4 e6 5. Nc3 Nc6 6. cxd5 exd5 7. Bb5 Ne7 8. d4 a6
9. Bxc6+ Nxc6 10. dxc5 Bxc5 11. Qxd5 Qxd5 12. Nxd5 O-O 13. Be3 Rd8 14. Nb6 Bxb6
15. Bxb6 Rd5 16. Rd1 1/2-1/2

[Event "Mondiale Lampo FIDE 2022"]
[Site "Alma Ata"]
[Date "29.12.2022"]
[Round "9.20"]
[White "Petrosian, Tigran L."]
[Black "Sychev, Klementy"]
[Result "1-0"]
[WhiteTitle ""]
[BlackTitle ""]
[WhiteElo "2551"]
[BlackElo "2556"]
[WhiteFideId "13301616"]
[BlackFideId "4114060"]
[EventDate "29.12.2022"]

1. Nf3 c5 2. g3 Nc6 3. c4 Nf6 4. Bg2 d5 5. O-O d4 6. e3 e5 7. exd4 exd4 8. d3
Be7 9. Re1 O-O 10. Ne5 Nxe5 11. Rxe5 Bd6 12. Re1 h6 13. Nd2 Bg4 14. Qb3 Rb8 15.
Ne4 Nxe4 16. Bxe4 Qa5 17. Rd1 Bxd1 18. Qxd1 Rbe8 19. Bd2 Qd8 20. Qf3 b6 21. Qf5
g6 22. Qh3 Be5 23. Bxh6 Bg7 24. Bf4 Be5 25. Bd2 Qf6 26. Kg2 Re7 27. Qg4 Qe6 28.
Qf3 Qf6 29. Qg4 Qe6 30. Qh4 Bf6 31. Qh6 Bg7 32. Qf4 Be5 33. Qf3 Qf6 34. Qe2 Bd6
35. Qg4 Qg7 36. Qh4 Re5 37. Bh6 Qh8 38. Bxf8 Qxh4 39. gxh4 Kxf8 40. Bf3 Be7 41.
h5 gxh5 42. Be4 Bd6 43. f4 Re6 44. Kf3 Rf6 45. f5 Bxh2 46. Rh1 Bc7 47. Rxh5 Kg7
48. Rg5+ Kf8 49. Rh5 Kg7 50. Rh1 Rh6 51. Rg1+ Kf8 52. Bd5 Rh3+ 53. Ke2 Rh2+ 54.
Bg2 Bf4 55. Kf3 Be3 56. Rb1 Rh5 57. Ke4 Rh2 58. Bf3 a5 59. a3 Ke7 60. b4 axb4
61. axb4 Rh4+ 62. Kd5 cxb4 63. Rxb4 Rh6 64. Ke5 Rd6 65. Bd5 f6+ 66. Ke4 Kd8 67.
Ra4 Ke7 68. Ra7+ Rd7 69. Ra6 Rd6 70. Kf3 Bd2 71. Ra2 Be3 72. Rh2 Rd8 73. Rb2 Rd6
74. Kg4 Bc1 75. Rb1 Be3 76. Kh5 Bf4 77. Kg6 Be5 78. Ra1 Rd7 79. Ra6 Rd6 80. Be6
Ke8 81. Ra7 Kd8 82. Kf7 Rc6 83. Rd7+ Kc8 84. Rxd4+ Kb8 85. Rd5 Rc5 86. Rxe5 fxe5
87. f6 Kc7 88. Ke7 1-0

[Event "Mondiale Lampo FIDE 2022"]
[Site "Alma Ata"]
[Date "29.12.2022"]
[Round "9.21"]
[White "Suleymanli, Aydin"]
[Black "Esipenko, Andrey"]
[Result "1/2-1/2"]
[WhiteTitle ""]
[BlackTitle ""]
[WhiteElo "2543"]
[BlackElo "2678"]
[WhiteFideId "13413937"]
[BlackFideId "24175439"]
[EventDate "29.12.2022"]

1. c4 e5 2. Nc3 Nf6 3. Nf3 Nc6 4. e4 h6 5. a3 d6 6. d4 Bg4 7. d5 Nd4 8. a4 a5 9.
Be2 Nxe2 10. Qxe2 b6 11. h3 Bd7 12. O-O Be7 13. Ne1 O-O 14. Nd3 Nh7 15. f4 exf4
16. Bxf4 Bg5 17. e5 Bxf4 18. Rxf4 dxe5 19. Nxe5 Qg5 20. Nxd7 Qxf4 21. Nxf8 Rxf8
22. Rf1 Qd4+ 23. Kh1 Nf6 24. Nb5 Qc5 25. b3 c6 26. dxc6 Qxc6 27. Qf3 Qc5 28. Re1
Rd8 29. Qe3 Re8 30. Qxc5 Rxe1+ 31. Qg1 Rxg1+ 32. Kxg1 Ne4 33. Nc7 Nc5 34. Nd5
Nxb3 35. Nxb6 Nc5 36. Kf2 Kf8 37. Ke3 Ke7 38. Kd4 Kd6 39. Nc8+ Kc6 40. Ne7+ Kb6
41. Nd5+ Kc6 42. Ne7+ Kb6 43. Nd5+ 1/2-1/2

[Event "Mondiale Lampo FIDE 2022"]
[Site "Alma Ata"]
[Date "29.12.2022"]
[Round "9.22"]
[White "Harikrishna, Pentala"]
[Black "Ganguly, Surya Shekhar"]
[Result "1-0"]
[WhiteTitle ""]
[BlackTitle ""]
[WhiteElo "2705"]
[BlackElo "2582"]
[WhiteFideId "5007003"]
[BlackFideId "5002150"]
[EventDate "29.12.2022"]

1. Nf3 d5 2. g3 c5 3. Bg2 Nc6 4. d4 Nf6 5. O-O e6 6. c4 dxc4 7. dxc5 Qxd1 8.
Rxd1 Bxc5 9. Nbd2 b5 10. a4 Ba6 11. Ng5 Rc8 12. Nde4 Bb4 13. Bd2 Nxe4 14. Nxe4
Be7 15. axb5 Bxb5 16. Nc3 Nd4 17. e3 Nb3 18. Nxb5 Nxa1 19. Rxa1 Bc5 20. Nxa7 Rd8
21. Bc6+ Ke7 22. Bc3 Kd6 23. Bf3 f6 24. Ra6+ Kd7 25. Ra4 Ra8 26. Bxa8 Rxa8 27.
Rxc4 Bxa7 28. Ra4 e5 29. h4 h5 30. Ra6 Kc7 31. Bb4 Kb7 32. Re6 Rg8 33. Kg2 Bb8
34. Kf3 Kc7 35. Ke4 Kd7 36. Kf5 Bc7 37. Re7+ Kc6 38. Kg6 Rb8 39. Bc3 e4 40. Kxh5
Bd6 41. Rxe4 Kd5 42. Ra4 Ke6 43. Kg6 Bf8 44. g4 Rc8 45. f4 Rd8 46. Re4+ Kd5 1-0

[Event "Mondiale Lampo FIDE 2022"]
[Site "Alma Ata"]
[Date "29.12.2022"]
[Round "9.23"]
[White "Petrov, Nikita"]
[Black "Indjic, Aleksandar"]
[Result "0-1"]
[WhiteTitle ""]
[BlackTitle ""]
[WhiteElo "2537"]
[BlackElo "2636"]
[WhiteFideId "4101286"]
[BlackFideId "911925"]
[EventDate "29.12.2022"]

1. d4 Nf6 2. Bg5 d5 3. e3 g6 4. Bxf6 exf6 5. g3 Bd6 6. Bg2 c6 7. Nd2 Be6 8. Ne2
f5 9. Rc1 Nd7 10. a3 b5 11. Nf4 Nf6 12. Nf3 a5 13. O-O a4 14. Nd3 Kf8 15. Nfe5
Qc7 16. Qe2 Kg7 17. f4 Ne4 18. Qe1 f6 19. Nf3 Rae8 20. Nd2 g5 21. Nf2 Nxd2 22.
Qxd2 h5 23. fxg5 fxg5 24. e4 Qd8 25. exd5 cxd5 26. Nd3 h4 27. Ne5 hxg3 28. hxg3
Bxe5 29. dxe5 Qb6+ 30. Rf2 Kg6 31. c3 Rc8 32. Re1 Rc4 33. Bf3 d4 34. cxd4 Rxd4
35. Qe3 Rh3 36. Bg2 f4 37. Qe2 Rxg3 38. Rc1 f3 39. Qc2+ Kg7 40. Qc7+ Qxc7 41.
Rxc7+ Kg6 42. Rxf3 Rxg2+ 43. Kxg2 Bd5 44. Kg3 Bxf3 45. Kxf3 Kf5 46. Rc5 g4+ 47.
Kg3 Rd3+ 48. Kf2 Rb3 49. Rc2 Kxe5 50. Rd2 Ke4 51. Kg2 Rd3 52. Rc2 Kd4 53. Rf2
Kc4 54. Rc2+ Kb3 55. Rf2 Ka2 56. Rc2 Rb3 0-1

[Event "Mondiale Lampo FIDE 2022"]
[Site "Alma Ata"]
[Date "29.12.2022"]
[Round "9.24"]
[White "Muradli, Mahammad"]
[Black "Madaminov, Mukhiddin"]
[Result "0-1"]
[WhiteTitle ""]
[BlackTitle ""]
[WhiteElo "2540"]
[BlackElo "2438"]
[WhiteFideId "13409301"]
[BlackFideId "14210703"]
[EventDate "29.12.2022"]

1. c4 g6 2. d4 Nf6 3. Nc3 d5 4. cxd5 Nxd5 5. e4 Nxc3 6. bxc3 Bg7 7. Nf3 c5 8.
Bb5+ Nc6 9. Bxc6+ bxc6 10. Qc2 O-O 11. O-O cxd4 12. cxd4 Bg4 13. Ne5 Qxd4 14.
Bb2 Qb6 15. Rab1 Bxe5 16. Bxe5 Qa5 17. Bc3 Qc5 18. Qb2 f6 19. Bb4 Qb5 20. Bxe7
Qxb2 21. Rxb2 Rf7 22. Bc5 Rd8 23. f3 Be6 24. a4 f5 25. e5 f4 26. Bd6 g5 27. Rc1
Bd5 28. a5 Kg7 29. Kf2 Kg6 30. a6 Kf5 31. Rb7 Rdd7 32. Rb8 h5 33. Rh8 Rh7 34.
Rf8+ Rhf7 35. Re8 Rg7 36. Bc5 Rg8 37. Rxg8 Bxg8 38. Bd6 Bd5 39. h3 Rg7 40. Rb1
Bc4 41. Rb7 Kg6 42. Rxg7+ Kxg7 43. Bc5 Bxa6 44. Bxa7 Kf7 45. Bb6 Bc4 46. Bd8 Kg6
47. Be7 Kf5 48. Bf6 Bd5 49. Ke2 c5 50. Be7 c4 51. Bb4 Kxe5 52. Bc3+ Kf5 53. Kf2
g4 54. hxg4+ hxg4 55. fxg4+ Kxg4 56. Bd2 Kf5 57. g3 f3 58. Ke3 Kg4 59. Be1 Bf7
60. Kf2 Bg6 61. Ke3 Bd3 62. Kf2 Be2 63. Ke3 Kh3 64. Kf2 Bd1 65. Bc3 Kg4 66. Be1
Kf5 67. Ke3 Be2 68. Bc3 Kg4 69. Be1 Bd3 70. Kf2 Be4 71. Ke3 Bd5 72. Kf2 Kf5 73.
Ke3 Ke5 74. Bc3+ Kf5 75. Be1 Bb7 76. Bc3 Be4 77. Be1 Bb7 78. Bc3 Bc6 79. Be1 Kg4
80. Kf2 Be8 81. Ke3 Bh5 82. Kf2 Kf5 83. Ke3 Ke5 84. Bc3+ Kd5 85. Bf6 Kc5 86.
Bd4+ Kb4 87. Kd2 Kb3 88. Kc1 c3 89. Be3 Kc4 90. Kc2 Bg6+ 91. Kc1 Kd3 92. Bc5 Ke2
93. g4 f2 94. Bxf2 Kxf2 0-1

[Event "Mondiale Lampo FIDE 2022"]
[Site "Alma Ata"]
[Date "29.12.2022"]
[Round "9.25"]
[White "Pranav, V"]
[Black "Moussard, Jules"]
[Result "0-1"]
[WhiteTitle ""]
[BlackTitle ""]
[WhiteElo "2545"]
[BlackElo "2684"]
[WhiteFideId "25060783"]
[BlackFideId "642908"]
[EventDate "29.12.2022"]

1. e4 e5 2. Nf3 Nf6 3. Nxe5 d6 4. Nf3 Nxe4 5. Bd3 d5 6. Qe2 Be7 7. Bxe4 dxe4 8.
Qxe4 O-O 9. O-O c5 10. Nc3 Nc6 11. d3 Re8 12. Bd2 Bf6 13. Qd5 Bg4 14. Rfe1 Qb6
15. Na4 Qb5 16. Qc4 Qxc4 17. dxc4 Bxf3 18. gxf3 Nd4 19. Kg2 b6 20. Rac1 Rxe1 21.
Bxe1 Re8 22. Bd2 Re2 23. Bc3 Bh4 24. Re1 Rxe1 25. Bxe1 Nxc2 26. Bd2 Bf6 27. Nc3
Nb4 28. a3 Nd3 29. b3 Bxc3 30. Bxc3 Nf4+ 31. Kf1 f6 32. Bd2 Ne6 33. b4 Kf7 34.
Be3 g5 35. Ke2 Ke7 36. Kd3 f5 37. Kc3 Kd6 38. Kd3 h6 39. Bd2 Nd4 40. f4 g4 41.
bxc5+ bxc5 42. Bc3 Nf3 43. Ke2 Nxh2 44. Bg7 h5 45. Bf8+ Kc6 46. Be7 Nf3 0-1

[Event "Mondiale Lampo FIDE 2022"]
[Site "Alma Ata"]
[Date "29.12.2022"]
[Round "9.26"]
[White "Gharibyan, Mamikon"]
[Black "Riazantsev, Alexander"]
[Result "1/2-1/2"]
[WhiteTitle ""]
[BlackTitle ""]
[WhiteElo "2480"]
[BlackElo "2626"]
[WhiteFideId "13308300"]
[BlackFideId "4125029"]
[EventDate "29.12.2022"]

1. d4 Nf6 2. c4 e6 3. Nf3 d5 4. g3 Bb4+ 5. Bd2 a5 6. a3 Be7 7. Bg2 O-O 8. O-O
Nbd7 9. Qc2 c6 10. Bf4 Nh5 11. Bd2 Nhf6 12. Rc1 Ne4 13. Nc3 f5 14. Ne1 Bd6 15.
Nd3 Nxd2 16. Qxd2 Qe7 17. e3 dxc4 18. Ne1 Nb6 19. e4 e5 20. Nf3 f4 21. dxe5 Bxe5
22. Nxe5 Qxe5 23. Rd1 Bg4 24. f3 Be6 25. Qd6 Qxd6 26. Rxd6 Rae8 27. Rad1 g5 28.
h4 gxh4 29. gxf4 Rxf4 30. Kf2 Rf6 31. Ne2 Kg7 32. Rh1 c3 33. Nxc3 Nc4 34. Rd4
Nxb2 35. Rxh4 Nc4 36. a4 Ne5 37. Ne2 Ng6 38. Rh5 b6 39. Kg3 Ref8 40. Rd2 Bc4 41.
Nd4 Nf4 42. Nf5+ Rxf5 43. Rxf5 Rxf5 44. exf5 Nd5 45. f4 Kf6 46. Be4 Bb3 47. Rb2
Bxa4 48. Bxd5 cxd5 49. Rxb6+ Kxf5 50. Ra6 Bc2 51. Rxa5 Ke4 52. f5 Kxf5 53. Rxd5+
Kf6 54. Rd2 Ke5 1/2-1/2

[Event "Mondiale Lampo FIDE 2022"]
[Site "Alma Ata"]
[Date "29.12.2022"]
[Round "9.27"]
[White "Quparadze, Giga"]
[Black "Yoo, Christopher Woojin"]
[Result "1/2-1/2"]
[WhiteTitle ""]
[BlackTitle ""]
[WhiteElo "2470"]
[BlackElo "2575"]
[WhiteFideId "13602250"]
[BlackFideId "30909694"]
[EventDate "29.12.2022"]

1. e4 c5 2. Nf3 e6 3. d4 cxd4 4. Nxd4 Nc6 5. Nb5 Nf6 6. N1c3 Bc5 7. Bf4 O-O 8.
Bc7 Qe7 9. Bd6 Bxd6 10. Qxd6 Qd8 11. Nc7 Rb8 12. Be2 b5 13. e5 Ne8 14. Nxe8 Rxe8
15. Ne4 Qa5+ 16. c3 b4 17. O-O Qxe5 18. Qxe5 Nxe5 19. Nd6 Rf8 20. cxb4 Rxb4 21.
b3 Bb7 22. f4 Ng6 23. g3 Bc6 24. Rfd1 Ne7 25. Rac1 a5 26. Rc4 Rfb8 27. Kf2 a4
28. Rxb4 Rxb4 29. Bc4 axb3 30. axb3 Kf8 31. Ke3 Nd5+ 32. Kd4 Rb8 33. Ra1 Ke7 34.
Kc5 Nb6 35. Ba6 h5 36. Be2 Nc8 37. Nxc8+ Rxc8 38. Kd4 h4 39. b4 1/2-1/2

[Event "Mondiale Lampo FIDE 2022"]
[Site "Alma Ata"]
[Date "29.12.2022"]
[Round "9.29"]
[White "Amin, Bassem"]
[Black "Hovhannisyan, Robert"]
[Result "0-1"]
[WhiteTitle ""]
[BlackTitle ""]
[WhiteElo "2682"]
[BlackElo "2597"]
[WhiteFideId "10601457"]
[BlackFideId "13302507"]
[EventDate "29.12.2022"]

1. Nf3 d5 2. g3 Bg4 3. Bg2 e6 4. O-O Nf6 5. h3 Bh5 6. d3 Be7 7. c4 dxc4 8. Qa4+
Nbd7 9. Qxc4 O-O 10. Nc3 Bxf3 11. exf3 Nb6 12. Qb3 Qxd3 13. f4 c6 14. Nd5 Qxf1+
15. Kxf1 exd5 16. a4 Rab8 17. f5 Bd6 18. Be3 Nc4 19. Rd1 Nxe3+ 20. Qxe3 a6 21.
g4 Rfe8 22. Qb6 h6 23. Bf3 Nd7 24. Qd4 Be5 25. Qd2 Bf6 26. b4 Ne5 27. Be2 b5 28.
axb5 axb5 29. f4 Nc4 30. Bxc4 bxc4 31. g5 c3 32. Qg2 hxg5 33. fxg5 Be5 34. g6
fxg6 35. Qxg6 Bf6 36. Kf2 Re4 37. Kf3 c2 38. Rg1 Kf8 39. Qh5 Rh4 40. Qg6 Rxh3+
41. Kg2 Rc3 42. Rc1 Rxb4 43. Qh5 Rh4 44. Qe2 Re4 45. Qh5 Ke7 46. Qh8 Rg4+ 47.
Kf2 Rf4+ 48. Ke2 Rxf5 49. Qc8 Re5+ 50. Kd2 Rc4 51. Qc7+ Ke6 52. Qc8+ Kf7 53.
Rxc2 Bg5+ 54. Kd1 0-1

[Event "Mondiale Lampo FIDE 2022"]
[Site "Alma Ata"]
[Date "29.12.2022"]
[Round "9.30"]
[White "Moiseenko, Alexander"]
[Black "Abdusattorov, Nodirbek"]
[Result "1-0"]
[WhiteTitle ""]
[BlackTitle ""]
[WhiteElo "2577"]
[BlackElo "2713"]
[WhiteFideId "14102560"]
[BlackFideId "14204118"]
[EventDate "29.12.2022"]

1. d4 d5 2. c4 e6 3. Nc3 c5 4. e3 Nf6 5. Nf3 Nc6 6. cxd5 exd5 7. Bb5 cxd4 8.
exd4 Bd6 9. O-O O-O 10. h3 a6 11. Bxc6 bxc6 12. Bg5 h6 13. Bh4 Re8 14. Re1 Rxe1+
15. Qxe1 Bf5 16. Rc1 Qd7 17. Bxf6 gxf6 18. Qd2 Kh7 19. Nh4 Bg6 20. Nxg6 fxg6 21.
Re1 Kg7 22. Qe2 h5 23. Qe6 Qxe6 24. Rxe6 Rd8 25. Na4 Kf7 26. Re2 Rb8 27. Rc2 Rc8
28. Kf1 Ke7 29. Ke2 Bb8 30. Nc5 Ba7 31. Kd3 a5 32. Re2+ Kf7 33. Rc2 g5 34. Nb7
Ke7 35. Nxa5 Kd7 36. b4 Rc7 37. a3 Bb6 38. Nb3 Ra7 39. Ra2 Kd6 40. a4 Bd8 41.
Nc5 Bb6 42. a5 Bxc5 43. bxc5+ Kc7 44. a6 Kb8 45. Rb2+ Kc8 46. Rb6 Kc7 47. h4 Kd7
48. Ke3 Kc7 49. Kf3 Kd7 50. g4 hxg4+ 51. Kxg4 gxh4 52. Kxh4 Ra8 53. Kg4 Kc7 54.
Kf5 Re8 55. a7 Ra8 56. Ra6 Kb7 57. Ra1 Kc7 58. f4 Kb7 59. Ra2 1-0

[Event "Mondiale Lampo FIDE 2022"]
[Site "Alma Ata"]
[Date "29.12.2022"]
[Round "9.31"]
[White "Van Foreest, Jorden"]
[Black "Donchenko, Alexander"]
[Result "1-0"]
[WhiteTitle ""]
[BlackTitle ""]
[WhiteElo "2690"]
[BlackElo "2636"]
[WhiteFideId "1039784"]
[BlackFideId "24603295"]
[EventDate "29.12.2022"]

1. e4 c5 2. c3 Nf6 3. e5 Nd5 4. Nf3 d6 5. exd6 e6 6. g3 Bxd6 7. Bg2 O-O 8. O-O
Nc6 9. d4 cxd4 10. Nxd4 Nxd4 11. Qxd4 Qb6 12. Qxb6 Nxb6 13. Rd1 Be7 14. a4 Rd8
15. Rxd8+ Bxd8 16. a5 Nd5 17. a6 Rb8 18. c4 Nc7 19. axb7 Bxb7 20. Rxa7 Bxg2 21.
Kxg2 Kf8 22. Nc3 Rb4 23. Ra4 Rb3 24. Ne4 Rd3 25. Be3 f5 26. Nc5 Rd1 27. Bf4 Ke8
28. Bxc7 Bxc7 29. Nxe6 Be5 30. b4 Rd2 31. Ra5 Bc3 32. Rxf5 Ke7 33. Nf4 g6 34.
Nd5+ Ke6 35. Rf3 Bd4 36. h4 Kd6 37. Kf1 Rc2 38. Nf6 h5 39. c5+ Ke6 40. Nh7 Rb2
41. Nf8+ Kd5 42. Nxg6 Rxb4 43. Nf4+ Ke4 44. Kg2 Bxc5 45. Nxh5 Rb2 46. Nf6+ Kd4
47. g4 Be7 48. g5 Ke5 49. Kh3 Rb1 50. Kg4 Rb4+ 51. Kh5 Ke6 52. Ng4 Rb8 53. Nh6
Rb4 54. Re3+ Kd7 55. Ng4 Bc5 56. Nf6+ Kc6 57. Rc3 Rf4 58. f3 Kb5 59. Ng4 Bd4 60.
Ra3 Kb4 61. Ra6 Rxf3 62. Nf6 Kb5 63. Rd6 Kc5 64. Rd5+ Kc4 65. Ra5 Rf4 66. Nh7
Bf2 67. Ra4+ Kd5 1-0

[Event "Mondiale Lampo FIDE 2022"]
[Site "Alma Ata"]
[Date "29.12.2022"]
[Round "9.32"]
[White "Ansat, Aldiyar"]
[Black "Kobalia, Mikhail"]
[Result "1/2-1/2"]
[WhiteTitle ""]
[BlackTitle ""]
[WhiteElo "2291"]
[BlackElo "2577"]
[WhiteFideId "13715658"]
[BlackFideId "4119150"]
[EventDate "29.12.2022"]

1. e4 c5 2. Nf3 e6 3. d4 cxd4 4. Nxd4 Nc6 5. Nc3 a6 6. Qd3 Qc7 7. Nxc6 bxc6 8.
Qg3 Qxg3 9. hxg3 d5 10. Na4 a5 11. Nb6 Rb8 12. Nxc8 Rxc8 13. Bd2 Bb4 14. c3 Bd6
15. c4 Bb4 16. cxd5 cxd5 17. exd5 exd5 18. Bb5+ Ke7 19. Bxb4+ axb4 20. Rh4 b3
21. axb3 Nf6 22. Ra7+ Ke6 23. Bd3 Rb8 24. b4 h5 25. b5 Ng4 26. f3 Ne5 27. Ra6+
Ke7 28. Ra7+ Ke6 29. Ra6+ Ke7 30. Be2 g6 31. Ra7+ Ke6 32. Rha4 Rhd8 33. R4a6+
Rd6 34. Kd2 Nc4+ 35. Bxc4 dxc4+ 36. Rxd6+ Kxd6 37. Rxf7 Rxb5 38. Kc3 Rg5 39. g4
hxg4 40. f4 Rb5 41. Kxc4 Rxb2 42. Rf6+ Ke7 43. Rxg6 Rxg2 44. Kd3 1/2-1/2

[Event "Mondiale Lampo FIDE 2022"]
[Site "Alma Ata"]
[Date "29.12.2022"]
[Round "9.33"]
[White "Brunello, Sabino"]
[Black "Ponkratov, Pavel"]
[Result "0-1"]
[WhiteTitle ""]
[BlackTitle ""]
[WhiteElo "2519"]
[BlackElo "2577"]
[WhiteFideId "813613"]
[BlackFideId "4157800"]
[EventDate "29.12.2022"]

1. d4 Nf6 2. Nf3 c5 3. d5 b5 4. c4 Qa5+ 5. Nfd2 e6 6. dxe6 fxe6 7. cxb5 d5 8. e3
Be7 9. b3 O-O 10. Bb2 Ne4 11. f4 a6 12. bxa6 e5 13. Be2 exf4 14. O-O Nxd2 15.
Nxd2 fxe3 16. Nc4 Qd8 17. Rxf8+ Bxf8 18. Nxe3 d4 19. Bc4+ Kh8 20. Qf3 Rxa6 21.
Bxa6 Bxa6 22. Nc4 Nd7 23. Re1 Nf6 24. Qc6 Bxc4 25. bxc4 h6 26. Bc1 Qa5 27. Rf1
Qxa2 28. Bxh6 Qxc4 29. Bg5 Nh7 30. Bf4 Kg8 31. Be5 Qb3 32. Qe4 Qe6 33. Qf4 d3
34. Bc3 c4 35. Qd4 Nf6 36. Re1 Qd5 37. Qf4 Bc5+ 38. Kh1 Bd6 39. Qf2 Ne4 40. Qf3
Nxc3 41. Re8+ Kh7 42. Qh3+ Kg6 43. Re6+ Kf7 44. Re3 Be5 45. Qh5+ Ke6 46. Qe8+
Kd6 47. Qb8+ Ke6 48. Qe8+ Kf5 49. Qh5+ Kf6 50. Rf3+ Ke7 51. Qg5+ Bf6 52. Qe3+
Kd7 0-1

[Event "Mondiale Lampo FIDE 2022"]
[Site "Alma Ata"]
[Date "29.12.2022"]
[Round "9.34"]
[White "Salem, A.R. Saleh"]
[Black "Le, Tuan Minh"]
[Result "0-1"]
[WhiteTitle ""]
[BlackTitle ""]
[WhiteElo "2677"]
[BlackElo "2542"]
[WhiteFideId "9301348"]
[BlackFideId "12401153"]
[EventDate "29.12.2022"]

1. d4 d5 2. c4 c6 3. Nf3 Nf6 4. Nc3 a6 5. Qc2 dxc4 6. e4 b5 7. b3 Bg4 8. Be3
Bxf3 9. gxf3 cxb3 10. axb3 e6 11. Be2 Nbd7 12. O-O Be7 13. Kh1 O-O 14. Rg1 g6
15. Rad1 Re8 16. f4 Bf8 17. f5 exf5 18. e5 Ng4 19. Bxg4 fxg4 20. Rxg4 Qc8 21.
Rdg1 c5 22. f4 cxd4 23. Bxd4 b4 24. f5 Qc6+ 25. Qe4 Nxe5 26. Bxe5 Qxe4+ 27. Nxe4
Rxe5 28. Nf6+ Kg7 29. Nh5+ Kh8 30. Ng3 a5 31. Rf1 Re7 32. h4 Re3 33. h5 gxh5 34.
Rg5 f6 0-1